Statistics for Saint Vincent and the Grenadines Country Quiz

Click here to take the quiz!

General Stats

  • This quiz has been taken 14,385 times
    (14,374 since last reset)
  • The average score is 9 of 13

Answer Stats

HintAnswer% Correct
Official languageEnglish
99%
Larger island chain which includes the aboveLesser {Antilles}
92%
First European to visit Saint Vincent on 22 January 1498Christopher Columbus
90%
Country which lies about 50 km north of Saint VincentSaint Lucia
86%
Country which, appropriately, lies just south of the GrenadinesGrenada
82%
Most commonly spoken languageVincentian Creole
77%
Native American group that lived on the island prior to European settlement,
namesake of a famous sea
Carib
71%
Largest Christian denomination (starts with A)Anglicanism
62%
Capital cityKingstown
61%
Type of disaster which killed 1,680 people in 1902Volcanic eruption
58%
Island chain that the country is part of{Windward} Islands
45%
Fruit that William Bligh, of the HMS Bounty, brought from Tahiti to Saint Vincent{Bread}fruit
30%
Former British fort overlooking the capital, named after the wife of King George IIIFort {Charlotte}
29%

Score Distribution

Percentile by Number Answered

Percent of People with Each Score

Your Score History

You have not taken this quiz since the last reset